Rallin maailmanmestarit: kartanlukijat - Statistics

Yleistilastot
  • Tätä visaa on pelattu 20 kertaa
  • Keskiarvotulos 16 / 48
Vastaustilastot
Vuosi Kuljettaja Kartanlukija Maa % Oikein
2022 KalleRovanperä JonneHalttunen FIN
80%
2023 KalleRovanperä JonneHalttunen FIN
80%
2000 MarcusGrönholm TimoRautiainen FIN
75%
2002 MarcusGrönholm TimoRautiainen FIN
75%
2019 OttTänak MartinJärveoja EST
65%
2004 SébastienLoeb DanielElena FRA
45%
2005 SébastienLoeb DanielElena FRA
45%
2006 Sébastien Loeb Daniel Elena FRA
45%
2007 Sébastien Loeb Daniel Elena FRA
45%
2008 Sébastien Loeb Daniel Elena FRA
45%
2009 Sébastien Loeb Daniel Elena FRA
45%
2010 Sébastien Loeb Daniel Elena FRA
45%
2011 Sébastien Loeb Daniel Elena FRA
45%
2012 Sébastien Loeb Daniel Elena FRA
45%
1998 TommiMäkinen RistoMannisenmäki FIN
45%
1999 TommiMäkinen RistoMannisenmäki FIN
45%
2013 SébastienOgier JulienIngrassia FRA
40%
2014 Sébastien Ogier Julien Ingrassia FRA
40%
2015 Sébastien Ogier Julien Ingrassia FRA
40%
2016 Sébastien Ogier Julien Ingrassia FRA
40%
2017 Sébastien Ogier Julien Ingrassia FRA
40%
2018 Sébastien Ogier Julien Ingrassia FRA
40%
2020 Sébastien Ogier Julien Ingrassia FRA
40%
2021 Sébastien Ogier Julien Ingrassia FRA
40%
1986 JuhaKankkunen JuhaPiironen FIN
35%
1987 JuhaKankkunen JuhaPiironen FIN
35%
1991 JuhaKankkunen JuhaPiironen FIN
35%
1983 HannuMikkola ArneHertz FIN /SWE
30%
1978 MarkkuAlén IlkkaKivimäki FIN
30%
1985 TimoSalonen SeppoHarjanne FIN
30%
1996 TommiMäkinen SeppoHarjanne FIN
30%
1997 TommiMäkinen SeppoHarjanne FIN
30%
1990 CarlosSainz LuisMoya ESP
25%
1992 CarlosSainz LuisMoya ESP
25%
2024 ThierryNeuville MartijnWydaeghe BEL
25%
2003 PetterSolberg PhilMills NOR
25%
1995 ColinMcRae DerekRinger GBR
20%
1993 JuhaKankkunen NickyGrist FIN /GBR
20%
1981 AriVatanen DavidRichards FIN /GBR
15%
2001 RichardBurns RobertReid GBR
15%
1984 StigBlomqvist BjörnCederberg SWE
10%
1994 DidierAuriol BernardOccelli FRA
5%
1988 MikiBiasion TizianoSiviero ITA
5%
1989 MikiBiasion TizianoSiviero ITA
5%
1980 WalterRöhrl ChristianGeistdörfer GER
0%
1982 WalterRöhrl ChristianGeistdörfer GER
0%
1979 BjörnWaldegård HansThorszelius SWE
0%
1977 SandroMunari PieroSodano ITA
0%
Ehtoja vastaavia visoja ei löytynyt
Tulosjakauma
Jokaisen tuloksen saaneiden osuus
Persentiili vastausten määrän mukaan
Tuloshistoriasi
Et ole pelannut tätä visaa